मोहब्बत की दुकान/ (Record no. 212732)

MARC details
000 -LEADER
fixed length control field 00601nam a22001817a 4500
005 - DATE AND TIME OF LATEST TRANSACTION
control field 20250730144921.0
010 ## - LCCN (DPL NO)
LC control number HIN-130069
020 ## - INTERNATIONAL STANDARD BOOK NUMBER
International Standard Book Number 9788195335411
Terms of availability 160.00
035 ## - SYSTEM CONTROL NUMBER
System control number HN-102415
037 ## - SOURCE OF ACQUISITION
Source of stock number/acquisition DBAD
082 ## - DEWEY DECIMAL CLASSIFICATION NUMBER
Classification number 827
100 ## - MAIN ENTRY--PERSONAL NAME
Personal name व्यास यशवंत
245 ## - TITLE STATEMENT
Title मोहब्बत की दुकान/
Remainder of title यशवंत व्यास
260 ## - PUBLICATION, DISTRIBUTION, ETC. (IMPRINT)
Name of publisher, distributor, etc अन्तर इन्फोमेडिया
Date of publication, distribution, etc 2024
300 ## - PHYSICAL DESCRIPTION
Extent 105पृ.
Dimensions 17.8सेमी (अजिल्द)
700 ## - ADDED ENTRY--PERSONAL NAME
9 (RLIN) 83490
942 ## - ADDED ENTRY ELEMENTS (KOHA)
Source of classification or shelving scheme Dewey Decimal Classification
Item type Hindi Books
Classification part 827
Call number suffix व्यासय
Holdings
Withdrawn status Lost status Not for loan Collection code Home library Current library Date acquired Source of acquisition Cost, normal purchase price Full call number Barcode Copy number Cost, replacement price Koha item type
      Non-fiction Central Library Central Library 30/07/2025 DBAD 160.00 827 व्यासय HN-102415 1 160.00 Hindi Books

© Delhi Public Library
Hit Counter
free hit counter